Dobrý zvuk a obraz 1. : Začínajúcim fonoamatérom. /
Uložené v:
| Hlavný autor: | |
|---|---|
| Médium: | Kniha |
| Jazyk: | Slovak |
| Vydané: |
Bratislava :
Národné osvetové centrum,
1992
|
| Vydanie: | 1. vyd. |
| Edícia: | Mimoškolská výchova a vzdelávanie dospelých
|
| Témy: | |
| ISBN: |
8071210250 (brož.) |
| Fyzický popis: |
75 s. |
| Tagy: |
Pridať tag
Žiadne tagy, Buďte prvý kto otaguje tento záznam!
|
Titul je dostupný aj v ... 

MARC
| LEADER | 00000nam a2200000 a 4500 | ||
|---|---|---|---|
| 001 | 000071239 | ||
| 003 | SVKK | ||
| 005 | 20010430000000.0 | ||
| 008 | 010205s1992 xo e sloo | ||
| 020 | |a 8071210250 (brož.) | ||
| 040 | |a SVKKK |b slo |c SVKKK |e AACR2 | ||
| 041 | 0 | |a slo | |
| 044 | |a xo |c SK | ||
| 080 | |a 681.84(035) |2 1997 | ||
| 100 | 1 | |a Kadlečík, Jozef |4 aut | |
| 245 | 1 | 0 | |a Dobrý zvuk a obraz 1. : |b Začínajúcim fonoamatérom. / |c Jozef Kadlečík |
| 250 | |a 1. vyd. | ||
| 260 | |a Bratislava : |b Národné osvetové centrum, |c 1992 | ||
| 300 | |a 75 s. | ||
| 440 | 0 | |a Mimoškolská výchova a vzdelávanie dospelých | |
| 653 | 0 | |a zvuk |2 SVKKKPH | |
| 653 | 0 | |a technika zvuková |2 SVKKKPH | |
| 653 | 0 | |a príručky |2 SVKKKPH | |
| 655 | 7 | |a príručky |2 SVKKKPH | |
| 910 | |a svkkk | ||
| 919 | |a 80-7121-025-0 | ||
| 974 | |a MI |d 20010205 | ||
| 974 | |a PA |d 20010205 | ||
| 974 | |a PA |d 20010430 | ||
| 998 | |a BK | ||
| 090 | |g SCKHL |k Sklad Pribinova 2. posch. |a II.354167 |j 862232 |i 71239-10 |4 Strata |s Návrh na vyradenie | ||